| 000 | 00412nam a22001217a 4500 | ||
|---|---|---|---|
| 082 | _a200 THE | ||
| 100 |
_aRana Muhammad Awais QAMAR _972643 |
||
| 245 | _aTH-SOF-0811-IMPROVING PUBLIC SECTOR HEALTH CARE ORGANIZATIONS BY IMPLEMENTING LEAN CONCEPT IN PAKISTAN | ||
| 260 |
_aISLAMABAD _bNUST COLLEGE OF EME _c2013 |
||
| 650 |
_a MS-EM-6 MSTHESIS _970416 |
||
| 700 | _aSUPERVISOR Dr. Akhtar Nawaz Malik | ||
| 942 | _cCF | ||
| 999 |
_c578641 _d578641 |
||